| 000 | 00570nam a2200157Ia 4500 | ||
|---|---|---|---|
| 008 | 151213s9999 xx 000 0 und d | ||
| 100 | _aমনসুুর মূসা। | ||
| 245 |
_aবাংলা পরিভাষা ইতিহাস ও সমস্যা। _cমনসুুর মূসা। |
||
| 250 | _a১ম সং | ||
| 260 |
_aঢাকা _bবাংলা একাডেমী। _c1995 |
||
| 300 | _a4438 p. | ||
| 650 | _aBangla | ||
| 650 | _aবাংলা ব্যকরণ | ||
| 700 | _aমনসুুর মূসা। | ||
| 999 |
_c2813 _d2813 |
||